000 00292nam a22001337a 4500
008 170809b xxu||||| |||| 00| 0 eng d
020 _a354066050-X
041 _aeng
080 _a004
100 _a35
101 _aSHK
245 _aCOMPUTATIONAL INTELLIGENE
_cREUSCH,B
942 _2udc
_cBK
999 _c23022
_d23022